Xi Jinping (Record no. 585721)
[ view plain ]
| 000 -LEADER | |
|---|---|
| fixed length control field | 00504nam a22001937a 4500 |
| 003 - CONTROL NUMBER IDENTIFIER | |
| control field | NUST |
| 005 - DATE AND TIME OF LATEST TRANSACTION | |
| control field | 20210629162604.0 |
| 010 ## - LIBRARY OF CONGRESS CONTROL NUMBER | |
| LC control number | 2014310668 |
| 020 ## - INTERNATIONAL STANDARD BOOK NUMBER | |
| International Standard Book Number | 7119090232 |
| 038 ## - RECORD CONTENT LICENSOR | |
| Staff Name | SNS Library Staff |
| 082 ## - DEWEY DECIMAL CLASSIFICATION NUMBER | |
| Classification number | 335.4345 |
| Author Mark | JIN |
| 100 ## - MAIN ENTRY--PERSONAL NAME | |
| Personal name | XI Jinping |
| 245 ## - TITLE STATEMENT | |
| Title | Xi Jinping |
| Remainder of title | The Governance of China |
| Statement of responsibility, etc. | Xi Jinping |
| 260 ## - PUBLICATION, DISTRIBUTION, ETC. | |
| Place of publication, distribution, etc. | China |
| Name of publisher, distributor, etc. | Foreign Languages Press Co. Ltd. |
| Date of publication, distribution, etc. | 2020 |
| 300 ## - PHYSICAL DESCRIPTION | |
| Extent | 650 p. |
| Other physical details | Pb. |
| 440 ## - SERIES STATEMENT/ADDED ENTRY--TITLE | |
| Title | Xi Jinping |
| 9 (RLIN) | 80871 |
| 563 ## - BINDING INFORMATION | |
| Binding note | . |
| 942 ## - ADDED ENTRY ELEMENTS (KOHA) | |
| Source of classification or shelving scheme | |
| Koha item type | Book |
| Call number prefix | 335.4345 JIN 2020 |
| Withdrawn status | Lost status | Source of classification or shelving scheme | Damaged status | Not for loan | Permanent Location | Current Location | Shelving location | Date acquired | Source of acquisition | Shelving control number | Total Checkouts | Full call number | Barcode | Date last seen | Price effective from | Koha item type |
|---|---|---|---|---|---|---|---|---|---|---|---|---|---|---|---|---|
| School of Natural Sciences (SNS) | School of Natural Sciences (SNS) | General Stacks | 06/29/2021 | 2020-10-28 | Biographies | 335.4345 JIN | SNS0003200 | 02/25/2025 | 06/29/2021 | Book |
